[Event "19. Wch 2009 Veteranos Femenino"]
[Site "Condino ITA"]
[Date "2009.11.02"]
[Round "5.5"]
[White "Bilunova, Rimma I"]
[Black "Voronova, Tatiana"]
[Result "0-1"]
[WhiteElo "2171"]
[BlackElo "2226"]
[PlyCount "120"]
[EventDate "2009.10.27"]
[EventType "swiss"]
[EventRounds "9"]
[EventCountry "ITA"]
[Source "lmi"]
[SourceDate "2009.10.27"]

1. e4 e6 2. d4 d5 3. exd5 exd5 4. Bd3 Nc6 5. c3 Bd6 6. Qf3 Be6 7. Ne2 Qd7 8.
Nf4 Nge7 9. Nxe6 fxe6 10. Bg5 O-O-O 11. Bxe7 Qxe7 12. Qh3 Kb8 13. O-O e5 14.
dxe5 Nxe5 15. Nd2 h5 16. Rae1 g5 17. Qe3 Qf8 18. Nf3 Nxf3+ 19. Qxf3 Qxf3 20.
gxf3 Rdf8 21. Kg2 Rf6 22. Re3 Kc8 23. h3 Rhf8 24. Be2 c6 25. Bd1 Kc7 26. Rfe1
Kd7 27. Rh1 b5 28. Rhe1 a5 29. a4 b4 30. cxb4 axb4 31. Rd3 Kc7 32. Rde3 Kd7 33.
Rd3 Bf4 34. Re2 Kd6 35. Bb3 Rf5 36. Re1 Rd8 37. Kf1 c5 38. Kg2 Kc6 39. Re6+ Rd6
40. Rxd6+ Bxd6 41. Re3 c4 42. Bc2 Rf4 43. Re8 b3 44. Bg6 Rf8 45. Re1 h4 46.
Be8+ Kb6 47. Re6 Ka5 48. Bb5 Rd8 49. Kf1 Kb4 50. Ke2 Bf4 51. Kd1 c3 52. bxc3+
Kxc3 53. Rc6+ Kd4 54. Ba6 Rb8 55. Bb5 Rb7 56. Rc8 Bd6 57. Kc1 Ba3+ 58. Kb1 Re7
59. Re8 Rc7 60. Re1 Rc3 0-1

[Event "19. Wch 2009 Veteranos Femenino"]
[Site "Condino ITA"]
[Date "2009.11.02"]
[Round "5.6"]
[White "Komysheva, Margarita"]
[Black "Vilerte, Tamara"]
[Result "1/2-1/2"]
[WhiteElo "2097"]
[BlackElo "2236"]
[PlyCount "87"]
[EventDate "2009.10.27"]
[EventType "swiss"]
[EventRounds "9"]
[EventCountry "ITA"]
[Source "lmi"]
[SourceDate "2009.10.27"]

1. e4 c5 2. Nf3 Nc6 3. d4 cxd4 4. Nxd4 g6 5. c4 Bg7 6. Be3 Nf6 7. Nc3 d6 8. Be2
O-O 9. O-O Bd7 10. f3 Nxd4 11. Bxd4 Bc6 12. Qd2 a6 13. a3 Nd7 14. Bxg7 Kxg7 15.
b4 Qb6+ 16. Kh1 Nf6 17. Rac1 a5 18. b5 Bd7 19. Na4 Qd8 20. c5 dxc5 21. Nxc5 b6
22. e5 bxc5 23. exf6+ exf6 24. Rxc5 Qb6 25. Rfc1 Rad8 26. Qb2 Rfe8 27. Bf1 Re6
28. Rd5 Be8 29. Rxd8 Qxd8 30. Qc3 Rd6 31. a4 Rd4 32. Qb3 Rb4 33. Rd1 Qc7 34.
Qe3 Qb8 35. Ra1 Bd7 36. Kg1 Be6 37. Be2 Bb3 38. Rb1 Bxa4 39. Rxb4 axb4 40. b6
b3 41. Qd4 Qe8 42. Kf2 Bb5 43. Bd1 Qe6 44. b7 1/2-1/2

[Event "19. Wch 2009 Veteranos Femenino"]
[Site "Condino ITA"]
[Date "2009.11.02"]
[Round "5.14"]
[White "Elstein, Alla Dr"]
[Black "Di Cicco, Daniela"]
[Result "1/2-1/2"]
[WhiteElo "1677"]
[BlackElo "1571"]
[PlyCount "59"]
[EventDate "2009.10.27"]
[EventType "swiss"]
[EventRounds "9"]
[EventCountry "ITA"]
[Source "lmi"]
[SourceDate "2009.10.27"]

1. d4 d5 2. c4 Nf6 3. Nc3 c6 4. e3 Bf5 5. Nf3 h6 6. Be2 e6 7. O-O Be7 8. Re1
O-O 9. c5 Nbd7 10. b4 Qc7 11. h3 Rfe8 12. Bd3 Bxd3 13. Qxd3 e5 14. e4 dxe4 15.
Nxe4 exd4 16. Bb2 Nxe4 17. Rxe4 Nf6 18. Ree1 Rad8 19. Bxd4 a6 20. Rad1 Rd5 21.
Qe3 Qd8 22. Qb3 Qd7 23. Be5 Rd8 24. Rc1 Rd3 25. Qc4 Qf5 26. Bf4 Nd5 27. Be3
Nxe3 28. fxe3 Qd5 29. Qxd5 R3xd5 30. Kf2 1/2-1/2

[Event "19. Wch 2009 Veteranos Femenino"]
[Site "Condino ITA"]
[Date "2009.11.03"]
[Round "6.1"]
[White "Fatalibekova, Elena"]
[Black "Fomina, Tatyana"]
[Result "1/2-1/2"]
[WhiteElo "2216"]
[BlackElo "2232"]
[PlyCount "35"]
[EventDate "2009.10.27"]
[EventType "swiss"]
[EventRounds "9"]
[EventCountry "ITA"]
[Source "lmi"]
[SourceDate "2009.10.27"]

1. c4 e5 2. Nc3 Nf6 3. Nf3 Nc6 4. g3 d5 5. cxd5 Nxd5 6. Bg2 Nxc3 7. bxc3 Bd6 8.
O-O O-O 9. d4 Bg4 10. Rb1 Rb8 11. dxe5 Nxe5 12. Nxe5 Bxe5 13. Rxb7 Rxb7 14.
Bxb7 Bh3 15. Bg2 Bxg2 16. Kxg2 Bxc3 17. Bf4 Ba5 18. Qxd8 1/2-1/2

[Event "19. Wch 2009 Veteranos Femenino"]
[Site "Condino ITA"]
[Date "2009.11.03"]
[Round "6.2"]
[White "Strutinskaya, Galina N"]
[Black "Kozlovskaya, Valentina"]
[Result "1/2-1/2"]
[WhiteElo "2292"]
[BlackElo "2252"]
[PlyCount "96"]
[EventDate "2009.10.27"]
[EventType "swiss"]
[EventRounds "9"]
[EventCountry "ITA"]
[Source "lmi"]
[SourceDate "2009.10.27"]

1. d4 d5 2. c4 e6 3. Nc3 Nf6 4. cxd5 exd5 5. Bg5 c6 6. Qc2 Be7 7. e3 Nbd7 8.
Bd3 O-O 9. Nge2 Re8 10. O-O Nf8 11. Rad1 h6 12. Bf4 Bg4 13. f3 Bh5 14. e4 dxe4
15. fxe4 Ne6 16. Bc4 Nxf4 17. Rxf4 b5 18. Bb3 Bg6 19. Qc1 b4 20. Na4 Bxe4 21.
Ng3 Bd5 22. Nf5 Bf8 23. Nc5 Re2 24. Rd2 Rxd2 25. Qxd2 Bxc5 26. dxc5 Bxb3 27.
Qxd8+ Rxd8 28. axb3 Rd1+ 29. Rf1 Rxf1+ 30. Kxf1 Nd5 31. Ke2 h5 32. Nd4 Ne7 33.
Nc2 a5 34. Ne3 f5 35. Nc4 Kf7 36. Nxa5 Ke6 37. g3 Kd5 38. Nb7 g5 39. Nd8 g4 40.
Ke3 Kxc5 41. Ne6+ Kd6 42. Ng7 Ke5 43. Nxh5 Nd5+ 44. Kd3 c5 45. Kc4 Kd6 46. Ng7
Ne7 47. Ne8+ Kd7 48. Ng7 Kd6 1/2-1/2

[Event "19. Wch 2009 Veteranos Femenino"]
[Site "Condino ITA"]
[Date "2009.11.03"]
[Round "6.3"]
[White "Voronova, Tatiana"]
[Black "Miednikova, Swietlana"]
[Result "1/2-1/2"]
[WhiteElo "2226"]
[BlackElo "2173"]
[PlyCount "23"]
[EventDate "2009.10.27"]
[EventType "swiss"]
[EventRounds "9"]
[EventCountry "ITA"]
[Source "lmi"]
[SourceDate "2009.10.27"]

1. e4 e5 2. Nf3 Nc6 3. Bb5 a6 4. Ba4 d6 5. c3 Bd7 6. d4 Nge7 7. O-O Ng6 8. Be3
Be7 9. dxe5 dxe5 10. Qe2 O-O 11. Rd1 Qe8 12. Bc2 1/2-1/2

[Event "19. Wch 2009 Veteranos Femenino"]
[Site "Condino ITA"]
[Date "2009.11.03"]
[Round "6.5"]
[White "Abdikasova, Panu"]
[Black "Mira, Helene"]
[Result "0-1"]
[WhiteElo "2055"]
[BlackElo "2125"]
[PlyCount "60"]
[EventDate "2009.10.27"]
[EventType "swiss"]
[EventRounds "9"]
[EventCountry "ITA"]
[Source "lmi"]
[SourceDate "2009.10.27"]

1. d4 Nf6 2. Nf3 e6 3. c4 b6 4. Nc3 Bb4 5. Qb3 Ba5 6. Bd2 O-O 7. e3 d5 8. a3
Bxc3 9. bxc3 c5 10. cxd5 exd5 11. c4 Ne4 12. cxd5 Nxd2 13. Nxd2 cxd4 14. Nf3
dxe3 15. fxe3 Ba6 16. Bxa6 Nxa6 17. O-O Nc5 18. Qa2 Qe7 19. Rae1 Rad8 20. Nd2
Ne4 21. Nxe4 Qxe4 22. Rd1 Qxe3+ 23. Kh1 Rd6 24. Rf3 Qe4 25. Rfd3 Re8 26. h3 h6
27. a4 Qb4 28. Rd4 Re1+ 29. Rxe1 Qxe1+ 30. Kh2 Qe5+ 0-1

[Event "19. Wch 2009 Veteranos Femenino"]
[Site "Condino ITA"]
[Date "2009.11.03"]
[Round "6.7"]
[White "Mkrychian, Alla"]
[Black "Bogumil, Tatiana"]
[Result "1/2-1/2"]
[WhiteElo "2128"]
[BlackElo "2169"]
[PlyCount "49"]
[EventDate "2009.10.27"]
[EventType "swiss"]
[EventRounds "9"]
[EventCountry "ITA"]
[Source "lmi"]
[SourceDate "2009.10.27"]

1. f4 d5 2. b3 c5 3. Bb2 Nc6 4. Nf3 Nf6 5. e3 Bg4 6. Be2 g6 7. O-O Bg7 8. h3
Bxf3 9. Bxf3 O-O 10. d3 Qc7 11. Be2 e5 12. fxe5 Nxe5 13. Nd2 Qe7 14. Rb1 Rad8
15. Qe1 Nc6 16. Rf3 Nd7 17. Bxg7 Kxg7 18. Qg3 b6 19. Rbf1 f5 20. Rxf5 Nd4 21.
exd4 Qxe2 22. Rxf8 Rxf8 23. Rxf8 Kxf8 24. Qd6+ Qe7 25. dxc5 1/2-1/2

[Event "19. Wch 2009 Veteranos Femenino"]
[Site "Condino ITA"]
[Date "2009.11.03"]
[Round "6.8"]
[White "Dotan, Valeria"]
[Black "Shushpanova, Nina"]
[Result "0-1"]
[WhiteElo "2115"]
[BlackElo "1958"]
[PlyCount "101"]
[EventDate "2009.10.27"]
[EventType "swiss"]
[EventRounds "9"]
[EventCountry "ITA"]
[Source "lmi"]
[SourceDate "2009.10.27"]

1. d4 d6 2. Nf3 Bg4 3. e4 Nf6 4. Bd3 c6 5. h3 Bh5 6. O-O e6 7. Re1 Be7 8. c4 d5
9. e5 Nfd7 10. b3 O-O 11. Bb2 dxc4 12. bxc4 Qb6 13. Bc3 Qd8 14. Nbd2 Na6 15.
Rb1 Rb8 16. Rb3 Ndc5 17. Be4 Nxb3 18. Qxb3 Bg6 19. Rd1 Nc7 20. Bxg6 hxg6 21.
Ne4 b5 22. Ba5 bxc4 23. Qxc4 Qd5 24. Qa4 Qxe4 25. Bxc7 Rb1 26. Rxb1 Qxb1+ 27.
Kh2 Qb7 28. Bd6 Bxd6 29. exd6 Qd7 30. g3 Qxd6 31. Qxa7 Qd5 32. Qa3 c5 33. dxc5
Ra8 34. Qe3 Rxa2 35. g4 Rc2 36. c6 Qxc6 37. Kg3 Qc5 38. Qxc5 Rxc5 39. Nd2 f5
40. f4 Rc3+ 41. Nf3 Kf7 42. Kg2 fxg4 43. hxg4 Kf6 44. Ng5 Ra3 45. Nf3 Ra5 46.
Kg3 g5 47. Nxg5 Rxg5 48. fxg5+ Kxg5 49. Kf3 Kh4 50. Kf4 g5+ 51. Kf3 0-1

[Event "19. Wch 2009 Veteranos Femenino"]
[Site "Condino ITA"]
[Date "2009.11.03"]
[Round "6.9"]
[White "Milashevskaja, Valentina"]
[Black "Komysheva, Margarita"]
[Result "0-1"]
[WhiteElo "1835"]
[BlackElo "2097"]
[PlyCount "93"]
[EventDate "2009.10.27"]
[EventType "swiss"]
[EventRounds "9"]
[EventCountry "ITA"]
[Source "lmi"]
[SourceDate "2009.10.27"]

1. d4 Nf6 2. c4 g6 3. Nc3 Bg7 4. Nf3 O-O 5. g3 d6 6. Bg2 Nc6 7. O-O e5 8. Bg5
h6 9. Bxf6 Bxf6 10. dxe5 dxe5 11. Qxd8 Bxd8 12. Rad1 Re8 13. e4 Na5 14. b3 f6
15. Rd2 c6 16. Rfd1 Be7 17. Rd3 Be6 18. Bf1 Kf7 19. Kg2 Rad8 20. Rxd8 Rxd8 21.
Rxd8 Bxd8 22. Ne1 Be7 23. Nd3 b6 24. Kf3 Nb7 25. Ke3 Nc5 26. f3 Nxd3 27. Kxd3
h5 28. h3 f5 29. Ne2 Kf6 30. Bg2 Bc5 31. f4 fxe4+ 32. Bxe4 Bxh3 33. fxe5+ Kxe5
34. Bxg6 Bf5+ 35. Bxf5 Kxf5 36. Nf4 Kg4 37. Ke2 Bd6 38. Ne6 Bxg3 39. Nd4 c5 40.
Nb5 Bb8 41. Kf2 h4 42. Nc3 h3 43. Ne2 Kf5 44. a3 Ke4 45. b4 Kd3 46. bxc5 bxc5
47. Nf4+ 0-1

[Event "19. Wch 2009 Veteranos Femenino"]
[Site "Condino ITA"]
[Date "2009.11.03"]
[Round "6.10"]
[White "Sokolovskaya, Serafima"]
[Black "Bilunova, Rimma I"]
[Result "1/2-1/2"]
[WhiteElo "2102"]
[BlackElo "2171"]
[PlyCount "48"]
[EventDate "2009.10.27"]
[EventType "swiss"]
[EventRounds "9"]
[EventCountry "ITA"]
[Source "lmi"]
[SourceDate "2009.10.27"]

1. e4 c5 2. Nf3 e6 3. g3 Nc6 4. d4 cxd4 5. Nxd4 d5 6. Bg2 dxe4 7. Nxc6 Qxd1+ 8.
Kxd1 bxc6 9. Bxe4 Bb7 10. Be3 Nf6 11. Bf3 Nd5 12. Re1 Bb4 13. c3 Ba5 14. Nd2
O-O 15. Bc5 Rfd8 16. Kc2 Bb6 17. Nb3 Ba6 18. Be2 Bxe2 19. Rxe2 Nf6 20. a4 Rd5
21. Bd4 Bxd4 22. Nxd4 Rc8 23. Nf3 Kf8 24. c4 Rd6 1/2-1/2

[Event "19. Wch 2009 Veteranos Femenino"]
[Site "Condino ITA"]
[Date "2009.11.03"]
[Round "6.11"]
[White "Lychkova, Ludmila"]
[Black "Zaitseva, Tamara"]
[Result "1/2-1/2"]
[WhiteElo "1939"]
[BlackElo "2221"]
[PlyCount "43"]
[EventDate "2009.10.27"]
[EventType "swiss"]
[EventRounds "9"]
[EventCountry "ITA"]
[Source "lmi"]
[SourceDate "2009.10.27"]

1. b4 e5 2. Bb2 Bxb4 3. Bxe5 Nf6 4. c4 O-O 5. Nf3 Nc6 6. Bb2 d5 7. e3 Be6 8.
Qc2 h6 9. Be2 dxc4 10. Bxc4 Bxc4 11. Qxc4 Qd5 12. Qxd5 Nxd5 13. O-O Be7 14. Nc3
Ncb4 15. Nxd5 Nxd5 16. d4 f5 17. Ne5 Rf6 18. Rfe1 a5 19. a4 Rb6 20. Ba3 Bxa3
21. Rxa3 Nb4 22. Nd3 1/2-1/2

[Event "19. Wch 2009 Veteranos Femenino"]
[Site "Condino ITA"]
[Date "2009.11.03"]
[Round "6.13"]
[White "Shmyreva, Tatiana"]
[Black "Onoprienko, Elena"]
[Result "0-1"]
[WhiteElo "1794"]
[BlackElo "1977"]
[PlyCount "90"]
[EventDate "2009.10.27"]
[EventType "swiss"]
[EventRounds "9"]
[EventCountry "ITA"]
[Source "lmi"]
[SourceDate "2009.10.27"]

1. d4 e5 2. dxe5 Nc6 3. Nf3 Qe7 4. Bg5 Qb4+ 5. Nbd2 Qxb2 6. e4 Nxe5 7. Be2
Nxf3+ 8. Bxf3 Bc5 9. O-O Qe5 10. Bh4 d6 11. Nb3 Bb6 12. Qd5 Ne7 13. Qxe5 dxe5
14. Bxe7 Kxe7 15. a4 a6 16. Rfd1 Be6 17. Rac1 Rad8 18. c4 Rxd1+ 19. Bxd1 Rd8
20. Be2 Ba7 21. Rc3 Bd4 22. Rg3 g6 23. Kf1 Bd7 24. Nxd4 exd4 25. Ra3 Kd6 26.
Ra1 a5 27. Ke1 Kc5 28. Kd2 b6 29. Kd3 Be6 30. Kd2 d3 31. Bd1 Bxc4 32. Rc1 c6
33. f3 b5 34. axb5 cxb5 35. g3 a4 36. Ra1 Kb4 37. f4 f6 38. h3 Bb3 39. Bg4 Bc2
40. Be6 a3 41. h4 Ka4 42. g4 b4 43. e5 b3 44. Bd5 b2 45. Ba2 bxa1=Q 0-1

[Event "19. Wch 2009 Veteranos Femenino"]
[Site "Condino ITA"]
[Date "2009.11.03"]
[Round "6.14"]
[White "Savinova, Yulia"]
[Black "Di Cicco, Daniela"]
[Result "1-0"]
[WhiteElo "1400"]
[BlackElo "1571"]
[PlyCount "59"]
[EventDate "2009.10.27"]
[EventType "swiss"]
[EventRounds "9"]
[EventCountry "ITA"]
[Source "lmi"]
[SourceDate "2009.10.27"]

1. f4 d5 2. Nf3 h6 3. c3 Bf5 4. d3 Nf6 5. Qc2 e6 6. Nbd2 c6 7. e4 Bh7 8. Be2
dxe4 9. Nxe4 Nbd7 10. Be3 Be7 11. O-O-O O-O 12. Ne5 Qc7 13. Nxd7 Qxd7 14. g4
Qc7 15. Nxf6+ Bxf6 16. g5 hxg5 17. fxg5 Be5 18. h4 Bf4 19. Qd2 Bxe3 20. Qxe3
Qb6 21. Qg3 Rad8 22. h5 g6 23. hxg6 fxg6 24. Qe5 Rde8 25. Rxh7 Qe3+ 26. Qxe3
Kxh7 27. Rh1+ Kg7 28. Qe5+ Kg8 29. Qh8+ Kf7 30. Rh7# 1-0

[Event "19. Wch 2009 Veteranos Femenino"]
[Site "Condino ITA"]
[Date "2009.11.04"]
[Round "7.1"]
[White "Fomina, Tatyana"]
[Black "Kozlovskaya, Valentina"]
[Result "1/2-1/2"]
[WhiteElo "2232"]
[BlackElo "2252"]
[PlyCount "117"]
[EventDate "2009.10.27"]
[EventType "swiss"]
[EventRounds "9"]
[EventCountry "ITA"]
[Source "lmi"]
[SourceDate "2009.10.27"]

1. e4 c5 2. Nf3 a6 3. c4 Nc6 4. d4 cxd4 5. Nxd4 e5 6. Nc2 Bc5 7. Nc3 d6 8. Be2
Be6 9. O-O Nf6 10. a3 O-O 11. Bg5 h6 12. Bh4 g5 13. Bg3 Ne7 14. h4 Ng6 15. hxg5
hxg5 16. Qd2 Nf4 17. b4 Ba7 18. Rad1 Rc8 19. Ne3 Bd4 20. Bxf4 gxf4 21. Nf5 Bxf5
22. exf5 Kg7 23. g3 Rh8 24. Kg2 Qd7 25. g4 Qc6+ 26. Nd5 Nxd5 27. cxd5 Qxd5+ 28.
f3 Qb3 29. Bd3 Kf6 30. Rh1 Qxa3 31. Rxh8 Rxh8 32. Rb1 d5 33. Be2 Qc3 34. Qxc3
Bxc3 35. Rd1 d4 36. Rb1 Rd8 37. Bd3 Rd6 38. b5 a5 39. Rh1 a4 40. Rh8 a3 41. Ra8
Bb2 42. Kh3 Ke7 43. g5 Rd8 44. Ra7 Kd6 45. g6 fxg6 46. fxg6 Kc5 47. Ra4 e4 48.
fxe4 f3 49. Kg3 Rf8 50. Kf2 Kd6 51. Bc4 d3 52. Bxd3 Ke5 53. Bb1 Bd4+ 54. Rxd4
Kxd4 55. Ba2 Kxe4 56. g7 Rd8 57. g8=Q Rxg8 58. Bxg8 b6 59. Bf7 1/2-1/2

[Event "19. Wch 2009 Veteranos Femenino"]
[Site "Condino ITA"]
[Date "2009.11.04"]
[Round "7.3"]
[White "Miednikova, Swietlana"]
[Black "Fatalibekova, Elena"]
[Result "0-1"]
[WhiteElo "2173"]
[BlackElo "2216"]
[PlyCount "46"]
[EventDate "2009.10.27"]
[EventType "swiss"]
[EventRounds "9"]
[EventCountry "ITA"]
[Source "lmi"]
[SourceDate "2009.10.27"]

1. e4 c5 2. c3 d5 3. exd5 Qxd5 4. d4 Nf6 5. Nf3 g6 6. Be2 Bg7 7. dxc5 Qxc5 8.
Be3 Qc7 9. Na3 Nc6 10. Nb5 Qb8 11. h3 O-O 12. O-O a6 13. Nbd4 Nd5 14. Bg5 e5
15. Qd2 f6 16. c4 Nc7 17. Be3 Ne6 18. Rab1 f5 19. Bh6 Rd8 20. Qc1 e4 21. Ne1
Nexd4 22. Bd1 Bxh6 23. Qxh6 Be6 0-1

[Event "19. Wch 2009 Veteranos Femenino"]
[Site "Condino ITA"]
[Date "2009.11.04"]
[Round "7.4"]
[White "Mira, Helene"]
[Black "Voronova, Tatiana"]
[Result "1/2-1/2"]
[WhiteElo "2125"]
[BlackElo "2226"]
[PlyCount "78"]
[EventDate "2009.10.27"]
[EventType "swiss"]
[EventRounds "9"]
[EventCountry "ITA"]
[Source "lmi"]
[SourceDate "2009.10.27"]

1. Nf3 c5 2. c4 g6 3. d4 Nf6 4. Nc3 cxd4 5. Nxd4 Nc6 6. e4 Nxd4 7. Qxd4 d6 8.
Be2 Bg7 9. Be3 O-O 10. Qd2 Be6 11. O-O Re8 12. Rac1 Qa5 13. Rfd1 a6 14. f3 Rec8
15. b3 Nd7 16. Nd5 Qxd2 17. Bxd2 Bxd5 18. cxd5 Bb2 19. Rxc8+ Rxc8 20. Be3 Ba3
21. Kf2 b5 22. Bd3 Ne5 23. Ke2 Kf8 24. Bd4 Nd7 25. Rd2 e5 26. dxe6 fxe6 27. Rc2
Rxc2+ 28. Bxc2 e5 29. Be3 Ke8 30. Bd3 Nf8 31. Kd2 Kd7 32. g3 Ne6 33. Bf1 Bb4+
34. Kd3 Kc6 35. Bh3 Nc7 36. f4 Bc5 37. f5 Bxe3 38. Kxe3 Ne8 39. fxg6 hxg6
1/2-1/2

[Event "19. Wch 2009 Veteranos Femenino"]
[Site "Condino ITA"]
[Date "2009.11.04"]
[Round "7.5"]
[White "Shushpanova, Nina"]
[Black "Vilerte, Tamara"]
[Result "1/2-1/2"]
[WhiteElo "1958"]
[BlackElo "2236"]
[PlyCount "60"]
[EventDate "2009.10.27"]
[EventType "swiss"]
[EventRounds "9"]
[EventCountry "ITA"]
[Source "lmi"]
[SourceDate "2009.10.27"]

1. e4 c5 2. Nf3 Nc6 3. d4 cxd4 4. Nxd4 Nf6 5. Nc3 d6 6. Be3 g6 7. f3 Bg7 8. Qd2
O-O 9. O-O-O Bd7 10. g4 Rc8 11. h4 Nxd4 12. Bxd4 Be6 13. Kb1 Re8 14. Nd5 Bxd5
15. exd5 Qc7 16. Rh2 a6 17. h5 Rcd8 18. h6 Bf8 19. Bc3 e5 20. dxe6 Rxe6 21. g5
Nd7 22. Qd4 f6 23. Bc4 d5 24. Bxd5 Nc5 25. Re2 Qf7 26. Rde1 Rxd5 27. Qxd5 Rxe2
28. Qxf7+ Kxf7 29. Rxe2 fxg5 30. Bg7 Bd6 1/2-1/2

[Event "19. Wch 2009 Veteranos Femenino"]
[Site "Condino ITA"]
[Date "2009.11.04"]
[Round "7.7"]
[White "Khropova, Larisa"]
[Black "Abdikasova, Panu"]
[Result "1-0"]
[WhiteElo "2081"]
[BlackElo "2055"]
[PlyCount "77"]
[EventDate "2009.10.27"]
[EventType "swiss"]
[EventRounds "9"]
[EventCountry "ITA"]
[Source "lmi"]
[SourceDate "2009.10.27"]

1. d4 d5 2. Nc3 Nf6 3. Bg5 e6 4. Qd2 h6 5. Bh4 c6 6. f3 Ne4 7. fxe4 Qxh4+ 8. g3
Qd8 9. a3 Nd7 10. Nf3 Nf6 11. e5 Ne4 12. Nxe4 dxe4 13. Ng1 c5 14. e3 Qb6 15. c3
Bd7 16. Bg2 Bc6 17. Nh3 O-O-O 18. O-O Qc7 19. Rf2 Rd7 20. Qe2 cxd4 21. exd4 Kb8
22. Bxe4 Bxe4 23. Qxe4 g5 24. Rc2 Qb6 25. Rac1 Be7 26. Nf2 a6 27. Nd3 h5 28. b4
Qb5 29. Nc5 Rd5 30. Qg2 g4 31. a4 Qe8 32. Qe2 Bxc5 33. bxc5 Qxa4 34. Rb2 Rc8
35. Rcb1 Rc7 36. Ra2 Qd7 37. Qxa6 Rcxc5 38. Qa8+ Kc7 39. Rxb7+ 1-0

[Event "19. Wch 2009 Veteranos Femenino"]
[Site "Condino ITA"]
[Date "2009.11.04"]
[Round "7.8"]
[White "Bogumil, Tatiana"]
[Black "Sokolovskaya, Serafima"]
[Result "1-0"]
[WhiteElo "2169"]
[BlackElo "2102"]
[PlyCount "65"]
[EventDate "2009.10.27"]
[EventType "swiss"]
[EventRounds "9"]
[EventCountry "ITA"]
[Source "lmi"]
[SourceDate "2009.10.27"]

1. d4 Nc6 2. d5 Ne5 3. f4 Ng6 4. e4 e5 5. dxe6 fxe6 6. Nf3 Bc5 7. Bd3 Nf6 8.
Qe2 O-O 9. g3 d6 10. Be3 Bxe3 11. Qxe3 Ng4 12. Qe2 Qf6 13. Nc3 c6 14. h3 N4e5
15. O-O Nxf3+ 16. Qxf3 Ne5 17. Qe2 Nxd3 18. Qxd3 Qg6 19. Kh2 d5 20. Rae1 b6 21.
f5 Qh6 22. exd5 exd5 23. Nxd5 Bb7 24. Ne7+ Kh8 25. Rf4 Rad8 26. Qe3 Qd6 27. Re2
c5 28. Rh4 Qd1 29. Ng6+ Kg8 30. Qe6+ Rf7 31. Qe8+ Rf8 32. Ne7+ Kh8 33. Rxh7+
1-0

[Event "19. Wch 2009 Veteranos Femenino"]
[Site "Condino ITA"]
[Date "2009.11.04"]
[Round "7.9"]
[White "Bilunova, Rimma I"]
[Black "Lein, Marina"]
[Result "1-0"]
[WhiteElo "2171"]
[BlackElo "1961"]
[PlyCount "79"]
[EventDate "2009.10.27"]
[EventType "swiss"]
[EventRounds "9"]
[EventCountry "ITA"]
[Source "lmi"]
[SourceDate "2009.10.27"]

1. e4 c5 2. Nf3 Nc6 3. d4 cxd4 4. Nxd4 Qc7 5. Nc3 Nf6 6. Be2 e6 7. O-O a6 8. a3
Nxd4 9. Qxd4 Bc5 10. Qd3 h6 11. Bf3 O-O 12. g3 Rb8 13. e5 Ne8 14. Ne4 b5 15.
Nxc5 Qxc5 16. Be3 Qc7 17. b4 Bb7 18. Bxb7 Qxb7 19. Bc5 d6 20. exd6 Qd7 21. Rfd1
f5 22. a4 Nf6 23. axb5 axb5 24. Ra7 Rb7 25. Rxb7 Qxb7 26. Ra1 Nd7 27. Ra5 Nxc5
28. bxc5 b4 29. Qc4 Qf3 30. Qxe6+ Kh8 31. Qb3 Qd1+ 32. Kg2 f4 33. gxf4 Qg4+ 34.
Qg3 Qd7 35. h3 Qb7+ 36. Qf3 Qf7 37. Qe4 g5 38. f5 Kg7 39. c6 Rd8 40. Re5 1-0

[Event "19. Wch 2009 Veteranos Femenino"]
[Site "Condino ITA"]
[Date "2009.11.04"]
[Round "7.10"]
[White "Onoprienko, Elena"]
[Black "Dotan, Valeria"]
[Result "1/2-1/2"]
[WhiteElo "1977"]
[BlackElo "2115"]
[PlyCount "65"]
[EventDate "2009.10.27"]
[EventType "swiss"]
[EventRounds "9"]
[EventCountry "ITA"]
[Source "lmi"]
[SourceDate "2009.10.27"]

1. e4 c5 2. Nf3 d6 3. d4 cxd4 4. Qxd4 a6 5. Nc3 Nc6 6. Qd1 Nf6 7. Bc4 e6 8. O-O
Be7 9. h3 b5 10. Bd3 Bb7 11. Ne2 Nb4 12. Ng3 O-O 13. a3 Nc6 14. Re1 Qc7 15. Bf4
Ne5 16. Rc1 Nc4 17. Bxc4 bxc4 18. e5 dxe5 19. Bxe5 Qc6 20. Qe2 Rfd8 21. Nf1 Nd5
22. Nd4 Qb6 23. c3 f6 24. Bg3 e5 25. Nf5 Qc7 26. N1e3 Nxe3 27. Nxe3 Rac8 28. f3
g6 29. Red1 Kg7 30. Bf2 Rd6 31. Rd2 Rcd8 32. Rcd1 Rxd2 33. Rxd2 1/2-1/2

[Event "19. Wch 2009 Veteranos Femenino"]
[Site "Condino ITA"]
[Date "2009.11.04"]
[Round "7.11"]
[White "Chernova, Natalja"]
[Black "Lychkova, Ludmila"]
[Result "1/2-1/2"]
[WhiteElo "2082"]
[BlackElo "1939"]
[PlyCount "52"]
[EventDate "2009.10.27"]
[EventType "swiss"]
[EventRounds "9"]
[EventCountry "ITA"]
[Source "lmi"]
[SourceDate "2009.10.27"]

1. e4 e5 2. Nf3 Nc6 3. Bb5 a6 4. Ba4 Nf6 5. O-O Be7 6. Re1 b5 7. Bb3 d6 8. c3
O-O 9. h3 Na5 10. Bc2 c5 11. d4 Qc7 12. Nbd2 Nc6 13. d5 Nd8 14. a4 Rb8 15. axb5
axb5 16. b4 c4 17. Nf1 Ne8 18. N3h2 f6 19. f4 Nf7 20. f5 g6 21. fxg6 hxg6 22.
Be3 Ng7 23. Nf3 f5 24. Ra7 Rb7 25. Ra8 Rb8 26. Ra7 Rb7 1/2-1/2

[Event "19. Wch 2009 Veteranos Femenino"]
[Site "Condino ITA"]
[Date "2009.11.04"]
[Round "7.12"]
[White "Zaitseva, Tamara"]
[Black "Milashevskaja, Valentina"]
[Result "1/2-1/2"]
[WhiteElo "2221"]
[BlackElo "1835"]
[PlyCount "46"]
[EventDate "2009.10.27"]
[EventType "swiss"]
[EventRounds "9"]
[EventCountry "ITA"]
[Source "lmi"]
[SourceDate "2009.10.27"]

1. e4 e6 2. d4 d5 3. Nc3 dxe4 4. Nxe4 Bd7 5. Nf3 Bc6 6. Bd3 Be7 7. O-O Nf6 8.
Re1 Bxe4 9. Bxe4 Nxe4 10. Rxe4 Nd7 11. c3 O-O 12. Bf4 Nf6 13. Re2 c5 14. dxc5
Bxc5 15. Be3 Bxe3 16. Rxe3 Qxd1+ 17. Rxd1 Rfd8 18. Red3 Rxd3 19. Rxd3 h6 20. g3
Re8 21. Ne5 Nd5 22. f4 f6 23. Nf3 Re7 1/2-1/2

[Event "19. Wch 2009 Veteranos Femenino"]
[Site "Condino ITA"]
[Date "2009.11.04"]
[Round "7.13"]
[White "Elstein, Alla Dr"]
[Black "Savinova, Yulia"]
[Result "1/2-1/2"]
[WhiteElo "1677"]
[BlackElo "1400"]
[PlyCount "58"]
[EventDate "2009.10.27"]
[EventType "swiss"]
[EventRounds "9"]
[EventCountry "ITA"]
[Source "lmi"]
[SourceDate "2009.10.27"]

1. Nf3 Nf6 2. g3 Nc6 3. c4 e5 4. d3 d6 5. Bg2 h6 6. O-O Be7 7. a3 O-O 8. Nc3
Nd4 9. e3 Ne6 10. h3 c6 11. Bd2 Nh7 12. d4 Nhg5 13. Nxg5 Nxg5 14. Kh2 f5 15. f4
Nf7 16. b4 Qc7 17. Rc1 exd4 18. exd4 Bf6 19. d5 Bd7 20. Re1 Rae8 21. Qb3 Bd4
22. Rxe8 Rxe8 23. Re1 c5 24. Rxe8+ Bxe8 25. Nb5 Bxb5 26. cxb5 b6 27. Qd3 Qe7
28. bxc5 dxc5 29. Bc3 Nd6 1/2-1/2